BIBLIOTHÈQUE DE LA MAISON DU MEXIQUE

Logo 1 Logo 2

La arena errante (notice nᵒ 5366)

détails MARC
000 -Sello discográfico
campo de control de longitud fija 00715nam0a2200253 4500
005 - Identificación de versión
campo de control 20260511120617.0
010 ## - Número Estándar Internacional de Libros (ISBN)
Número (ISBN) 968-411-463-X
035 ## - Otros números de control del sistema
Número de control del sistema 33156
099 ## - fechas locales
Tipo de ítem Koha LIBRO
100 ## - Datos de procesamiento general
Datos de procesamiento general 20111114d19992005m y0spay5003 ba
101 ## - Idioma del recurso
Idioma del texto, banda sonora, etc. Español; Castellano
105 ## - Campo de datos codificados: Material textual, monográfico
Datos codificados de monografía y 001gy
200 1# - Título y mención de responsabilidad
Título propio La arena errante
Designación general del material texto impreso
Otra información del título poemas, 1992-1998
Primer mención de responsabilidad José Emilio Pacheco
205 ## - Declaración de edición
Declaración de edición 2a reimpr de la 1a ed
210 ## - Publicación, distribución, etc.
Lugar de publicación, distribución, etc. México
Nombre del editor, distribuidor, etc. Ediciones Era
Fecha de publicación, distribución, etc. 2005
215 ## - Descripción física
Designación de material específico y extensión del ítem 123 p
Dimensiones 21 cm
345 ## - Nota de información de adquisición
Fuente de adquisición/dirección de la suscripción [OBSOLETO] Donación 'Salon du Livre 2009'
410 #1 - Series
Título Biblioteca Era
700 ## - Nombre personal - Responsabilidad primaria
Elemento de entrada Pacheco Berny
Parte del nombre distinta del elemento de entrada José Emilio
Fechas 1939-2014
Número Koha 1077
801 #0 - Fuente de origen
País FR
Agencia cm
Reglas de catalogación (convenciones descriptivas) AFNOR
942 ## - ELEMENTOS DE ENTRADA SECUNDARIOS (KOHA)
Tipo de ítem Koha Livre
Exemplaires
Estatus retirado Estado de daño Estado de pérdida Fecha de adquisición Biblioteca de origen Biblioteca actual Ubicación en estantería Código de barras Precio de reemplazo Signatura topográfica completa No para préstamo Tipo de ítem Koha Nota pública Nota no pública
      05/08/2025 Casa México Paris Casa México Paris   000748 05/08/2025 861.4 P116AR   Livre 20111114LIV 751145101